01332cam a2200289 a 450000100100000000500170001000800410002702000150006804000300008308200190011310000300013224500740016226001660023630000260040249000220042850400550045065000710050565000540057665000250063065000700065571001100072583000300083591000340086504900090089995201170090899900170102500001451620200929163849.0030606s2002 ck b 000 0 spa  a9586824128 aDO-SdBNPbspacDLCdBNPHU a303.625bF287m1 aFazio Vengoa, Hugo93281213aEl mundo después del 11 de septiembre de 2001 /cHugo Fazio Vengoa. aBogotá, (Colombia) :bUniversidad Nacional de Colombia, IEPRI [Instituto de Estudios Políticos y Relaciones Internacionales] ;aMéxico :bAlfaomega,c2002. axvi, 143 p. ;c23 cm.1 aCiencias Sociales aIncluye referencias bibliográficas (p. 140-143). 4aTerrorismoxEfectos económicoszEstados Unidosy2001-2009932813 4aAtaques terroristas 11 de septiembre, 2001932814 4aGeopolítica918428 4aTerrorismoxEfectos económicosxIndustria del petróleo9328152 aUniversidad Nacional de Colombia.bInstituto de Estudios Políticos y Relaciones Internacionales.932816 0aCiencias sociales.913247 aCatalogación por copia / LC aBNGR 001050718MOaGRbGRcCTd2010-01-13iLF1l0o303.625 F287mp14516-10r2020-06-25w2020-06-25y1ZNo se presta c14105d14105